| 000 | 00780nam a22002057a 4500 | ||
|---|---|---|---|
| 005 | 20100803120433.0 | ||
| 010 | _aENG-97839 | ||
| 020 |
_a9789380657004 _c150.00 |
||
| 035 | _aEN-81372 | ||
| 037 | _bDBAD/PUB | ||
| 082 | _a658.401 | ||
| 100 |
_aElamparithi, M _94919 |
||
| 245 |
_aCases in buisness policy and strategic management : _ba global perspective / _cby M Elamparithi |
||
| 260 |
_aMadurai _bShanlax Computers _c2009 |
||
| 270 |
_a61, T.P.K. Main Road Vasantha Nagar _bMadurai _e625003 |
||
| 300 |
_a253p. _c21cm (pbk) |
||
| 650 |
_aManagement - Strategic Planning _94920 |
||
| 942 |
_2ddc _cEN _h658.401 _mELA |
||
| 999 |
_c38905 _d38905 |
||